| 000 | 004540000a22001810004500 | ||
|---|---|---|---|
| 003 | MACL | ||
| 005 | 20160318112750.0 | ||
| 008 | 160318b xxu||||| |||| 00| 0 eng d | ||
| 040 |
_aMACL _cMACL |
||
| 041 | _aHindi | ||
| 082 | _a891.432 | ||
| 100 |
_aचरण भगवती _947136 |
||
| 245 | _aबुझता दीपक | ||
| 260 | _bभारती भंडार | ||
| 350 | _a2 | ||
| 650 |
_aDrama _947137 |
||
| 942 |
_cHIN _k891.432 _2ddc |
||
| 999 |
_c23924 _d23924 |
||